[Event "AUTO-OPEN-3000"]
[Site "http://www.queenalice.com/game.php?id=1236992"]
[Date "2013.12.2"]
[Round "2"]
[White "tariann"]
[Black "chunyi2012"]
[Result "1-0"]
[WhiteElo "2161"]
[BlackElo "2273"]

1. e4 e5 2. Nf3 Nc6 3. Bb5 a6 4. Bxc6 bxc6 5. O-O Bd6 6. d3 Nf6 7. Bg5 h6 8.
Bxf6 Qxf6 9. Re1 Rb8 10. b3 O-O 11. Nbd2 Bc5 12. Nf1 d6 13. Ng3 Bg4 14. c3 Bxf3
15. Qxf3 Qxf3 16. gxf3 Bb6 17. Nf5 Rfe8 18. Kf1 a5 19. Ke2 h5 20. Rg1 g6 21. Rg2
a4 22. b4 c5 23. Rb1 Kf8 24. Ne3 1-0

[Event "AUTO-OPEN-3000"]
[Site "http://www.queenalice.com/game.php?id=1236993"]
[Date "2013.12.2"]
[Round "2"]
[White "chunyi2012"]
[Black "tariann"]
[Result "0-1"]
[WhiteElo "2203"]
[BlackElo "2148"]

1. d4 d5 2. c4 c5 3. cxd5 Qxd5 4. Nf3 cxd4 5. Nc3 Qd8 6. Qxd4 Qxd4 7. Nxd4 e5 8.
Ndb5 Na6 9. Be3 Bb4 10. Nxa7 Nf6 11. Nxc8 Rxc8 12. Bd2 O-O 13. g3 Rfe8 14. Bg2
Nc5 15. O-O Bxc3 16. Bxc3 Na4 17. Rfc1 Nxc3 18. Rxc3 b6 19. Rac1 Rcd8 20. Rc6
Rd2 21. Rxb6 Rxe2 22. Rb7 g6 23. a4 Ra8 24. Rb6 Rxa4 25. Rxf6 Ra2 0-1

[Event "AUTO-OPEN-3000"]
[Site "http://www.queenalice.com/game.php?id=1236996"]
[Date "2013.12.2"]
[Round "2"]
[White "fontaine"]
[Black "chunyi2012"]
[Result "1-0"]
[WhiteElo "2704"]
[BlackElo "2205"]

1. e4 e5 2. Nf3 Nc6 3. Bc4 Nf6 4. Ng5 d5 5. exd5 Na5 6. Bb5+ c6 7. dxc6 bxc6 8.
Be2 h6 9. Nf3 e4 10. Ne5 Bd6 11. d4 Be6 12. O-O Qb8 13. Qe1 Bxe5 14. dxe5 Qxe5
15. Qc3 Qxc3 16. Nxc3 O-O 17. b3 Nb7 18. Ba3 Rfd8 19. Ba6 Rd7 20. Rad1 Rb8 21.
Rxd7 Bxd7 22. Rd1 Bg4 23. Rd4 Bf5 24. Rb4 1-0

[Event "AUTO-OPEN-3000"]
[Site "http://www.queenalice.com/game.php?id=1236997"]
[Date "2013.12.2"]
[Round "2"]
[White "chunyi2012"]
[Black "fontaine"]
[Result "0-1"]
[WhiteElo "2204"]
[BlackElo "2705"]

1. d4 d5 2. c4 c6 3. Nf3 Nf6 4. Nc3 e6 5. Bg5 Nbd7 6. Qb3 Be7 7. e3 O-O 8. Be2
h6 9. Bxf6 Nxf6 10. O-O a6 11. c5 Nd7 12. Rfc1 Re8 13. a4 a5 14. Bd3 Rb8 15. e4
b6 16. cxb6 Qxb6 17. Qxb6 Rxb6 18. exd5 exd5 19. Rc2 Nf8 20. Re1 Bg4 21. Ne5 Bf6
22. Re3 Bxe5 23. Rxe5 Reb8 0-1

[Event "Lucius1-2"]
[Site "http://www.queenalice.com/game.php?id=1241387"]
[Date "2013.12.19"]
[Round "3"]
[White "Lucius1"]
[Black "chunyi2012"]
[Result "1-0"]
[WhiteElo "2539"]
[BlackElo "2277"]

1. Nf3 d5 2. g3 Nf6 3. Bg2 g6 4. b3 Bg7 5. Bb2 O-O 6. c4 c6 7. O-O Nbd7 8. d3
dxc4 9. bxc4 Nc5 10. Nbd2 Bf5 11. Qc2 Nxd3 12. exd3 Bxd3 13. Qc3 Bxf1 14. Rxf1
Qc7 15. Re1 Rfd8 16. Qa3 c5 17. Be5 1-0

[Event "AUTO-OPEN-2994"]
[Site "http://www.queenalice.com/game.php?id=1257598"]
[Date "2014.2.18"]
[Round "2"]
[White "Neimar_Dantas"]
[Black "chunyi2012"]
[Result "0-1"]
[WhiteElo "1989"]
[BlackElo "2189"]

1. d4 d5 2. Nf3 Nf6 3. e3 g6 4. Be2 Bg7 5. O-O O-O 6. Nbd2 Bf5 7. c4 Nc6 8. cxd5
Nb4 9. a3 Bc2 10. Qe1 Nd3 11. Bxd3 Bxd3 12. e4 Re8 0-1

[Event "AUTO-OPEN-2994"]
[Site "http://www.queenalice.com/game.php?id=1257599"]
[Date "2014.2.18"]
[Round "2"]
[White "chunyi2012"]
[Black "Neimar_Dantas"]
[Result "1-0"]
[WhiteElo "2195"]
[BlackElo "1981"]

1. e4 c6 2. Nc3 d5 3. d4 dxe4 4. Nxe4 Nd7 5. Bc4 Ngf6 6. Ng5 e6 7. Qe2 Nb6 8.
Bd3 Bd6 9. N1f3 h6 10. Nh3 Bd7 11. c4 c5 12. b4 1-0

[Event "AUTO-MASTER-1875"]
[Site "http://www.queenalice.com/game.php?id=1271320"]
[Date "2014.4.8"]
[Round "2"]
[White "chunyi2012"]
[Black "RIVAS"]
[Result "0-1"]
[WhiteElo "2074"]
[BlackElo "2280"]

1. e4 e6 2. Nf3 d5 3. exd5 exd5 4. Bb5+ c6 5. Be2 Nf6 6. O-O Bd6 7. d4 O-O 8.
Be3 Bg4 9. Re1 Nbd7 10. Nbd2 Re8 0-1